| 000 | 01882nam0a2200445 4500 | ||
|---|---|---|---|
| 001 | RU\NLR\bibl\368538 | ||
| 005 | 20250621162758.0 | ||
| 010 |
_a5-89282-212-5 _9250 |
||
| 021 |
_aRU _b2002-59788 _92904 |
||
| 035 | _a(NLR Aleph) 000363097 | ||
| 090 |
_a348145 _c348145 |
||
| 100 | _a20030211d2002 |||y0rusy50 ca | ||
| 101 | 0 | _arus | |
| 102 | _aRU | ||
| 105 | _aa ||||||||| | ||
| 200 | 1 |
_aМакроэкономическое равновесие и бифуркации: Россия 90-х годов _dMacroeconomic equilibrium and bifurcations: Russia in the 90-s _fС. И. Шиловцев _gРос. акад. наук, Ин-т востоковедения _zeng |
|
| 210 |
_aМосква _cИВ _d2002 |
||
| 215 |
_a165 с. _cил. _d22 |
||
| 300 | _aРез. на англ. яз. | ||
| 320 | _aБиблиогр. в прим.: 160-164 | ||
| 510 | 0 |
_aMacroeconomic equilibrium and bifurcations: Russia in the 90-s _zeng |
|
| 606 | 0 |
_aЭкономическое равновесие _92019462 _3RU\NLR\auth\66929236 |
|
| 606 | 0 |
_aКатастроф теория _xПолитэкономический аспект _92196140 _3RU\NLR\auth\661319913 |
|
| 606 | 0 |
_aРыночная экономика _yРоссийская Федерация _91744697 _3RU\NLR\auth\661076880 |
|
| 610 | 0 | _aЭкономическое равновесие - Математические исследования | |
| 610 | 0 | _aБифуркации (мат.) | |
| 675 |
_a330.362(470) _v3 _zrus |
||
| 686 |
_a06 _2rugasnti |
||
| 686 |
_a65.012.2 _2rubbk |
||
| 686 | _aУ010.23 | ||
| 686 | _aУ010.63 | ||
| 686 | _aУ9(2)-17(2Р) | ||
| 700 | 1 |
_aШиловцев _bС. И. _gСергей Игоревич _4070 |
|
| 801 | 0 |
_aRU _bRKP _c20030211 _gPSBO |
|
| 801 | 1 |
_aRU _bRKP _c20030211 |
|
| 801 | 2 |
_aRU _bNLR _c20030328 _grcr |
|
| 942 | _cBOOK | ||
| 980 | _aNB | ||